Gaming Quiz

Random Gaming or Video Games Quiz

Overwatch Heroes by Weapon Quiz Stats

 Plays Quiz Updated Jul 26, 2018

Also try: Overwatch Heroes
Challenge
Share
Tweet
Embed
Score 0/29 Timer 05:00
21 Plays Today
Weapon Name Hero Name % Correct
Widow's KissWidowmaker
89.7%
ShurikenGenji
88.9%
Storm BowHanzo
88.2%
Hellfire ShotgunsReaper
87.2%
Pulse PistolsTracer
83.8%
Sonic AmplifierLúcio
83.5%
Caduceus StaffMercy
83.5%
Frag LauncherJunkrat
83.1%
Rocket HammerReinhardt
82.3%
Orb of DestructionZenyatta
82.2%
Rocket LauncherPharah
82%
Scrap GunRoadhog
81.1%
Tesla CannonWinston
77.7%
Biotic RifleAna
74.9%
Heavy Pulse RifleSoldier: 76
74.8%
Weapon Name Hero Name % Correct
Configuration: ReconBastion
73.8%
PeacekeeperMcCree
72.5%
Particle CannonZarya
70.9%
Machine PistolSombra
70%
Photon ProjectorSymmetra
69.7%
Endothermic BlasterMei
68.4%
Biotic GraspMoira
67.2%
Rocket FlailBrigitte
63.9%
Fusion CannonsD.Va
63.1%
DoomfistDoomfist
62.7%
The ViperAshe
62%
Rivet GunTorbjörn
61.9%
Quad CannonsWrecking Ball
58.1%
Fusion DriverOrisa
56.8%

You're not logged in!

Compare scores with friends on all Sporcle quizzes.
OR
Log In

You Might Also Like...

Show Comments

Extras

Top Quizzes Today


Score Distribution

Your Account Isn't Verified!

In order to create a playlist on Sporcle, you need to verify the email address you used during registration. Go to your Sporcle Settings to finish the process.

Report this User

Report this user for behavior that violates our Community Guidelines.

Details: